| 000 | 00000nam##2200000za#4500 |
| 001 | 9.577150 |
| 003 | CaOODSP |
| 005 | 20210624185457 |
| 007 | cr ||||||||||| |
| 008 | 150406|1999||||xxc|||||o f|0| 0 eng|d |
| 040 | |aCaOODSP|beng |
| 043 | |an-cn--- |
| 086 | 1 |aH42-2/61-1999E-PDF |
| 110 | 1 |aCanada.|bHealth Canada. |bTherapeutic Products Programme. |
| 245 | 10|aDisinfectant drugs |h[electronic resource] |
| 250 | |a1999 edition |
| 260 | |aOttawa - Ontario : |bHealth Canada. |cc1999. |
| 300 | |a87p.|bfigs., glossary, references, tables |
| 490 | 1 |aTherapeutic Products Programme guideline |
| 500 | |aOriginally published: June 1994. The catalogue number (H42-2/61-1999E) and ISBN (0-662-28482-8) for the print edition have been incorrectly copied in this electronic publication. |
| 590 | |a13-18-Supp|b2013-08-01 |
| 690 | 07|aDrugs|2gcpds |
| 690 | 07|aGuidelines|2gcpds |
| 775 | 08|tDésinfectants assimilés aux drogues |w(CaOODSP)9.605982 |
| 776 | 0#|tDisinfectant drugs|w(CaOODSP)9.615051 |
| 830 | #0|aTherapeutic Products Programme guideline.|w(CaOODSP)9.507557 |
| 856 | 40|ahttp://publications.gc.ca|qPDF|s240 KB|uhttps://publications.gc.ca/collections/Collection/H42-2-61-1999E.pdf |